000 00547nmm a2200157Ia 4500
008 251105s9999||||xx |||||||||||||||||und||
020 _a9789588252896
041 _aspa
100 _aVarona, Federico
245 0 _aLa intervención apreciativa :
_b Una manera nueva, provocadora y efectiva para construir las organizaciones del siglo XXI
264 _a[Bogotá, Colombia] :
_bUniversidad del Norte,
_c2009
300 _a230 páginas
650 _aEconomics and Business
856 _uhttps://public.digitaliapublishing.com/a/9172
942 _cCF
999 _c96506
_d96506